| 000 | 02080nam0a2200385 4500 | ||
|---|---|---|---|
| 001 | RU\NLR\bibl\1379484 | ||
| 005 | 20260406043803.0 | ||
| 010 | _a978-5-397-00481-7 | ||
| 021 |
_aRU _b2009-28072 _91681 |
||
| 035 | _a(nilc)RSL-KNO-004290756 | ||
| 035 | _a(NLR Aleph) 001371578 | ||
| 090 |
_a1045114 _c1045114 |
||
| 100 | _a20090410d2009 |||y0rusy50 ca | ||
| 101 | 0 | _arus | |
| 102 | _aRU | ||
| 105 | _aa ||||||||| | ||
| 200 | 1 |
_aГиперболический рост в живой природе и обществе _fА. В. Марков, А. В. Коротаев _gРоссийская акад. наук, Палеонтологический ин-т [и др.] |
|
| 210 |
_aМосква _cURSS _cЛиброком _d2009 _eМ. _gЛенанд |
||
| 215 |
_a198 с. _cил. _d22 |
||
| 320 | _aБиблиогр.: с. 184-198 | ||
| 606 | 1 |
_aЖивая природа _xДинамика _92599356 _3RU\NLR\auth\661535914 |
|
| 606 | 1 |
_aДвижение и развитие в природе и обществе _91388378 _3RU\NLR\auth\66270034 |
|
| 610 | 0 | _aБиологические науки -- Развитие органического мира (Филогенез). Эволюционное учение -- Закономерности развития органического мира -- Методика и техника научно-исследовательской работы -- Математические методы | |
| 610 | 0 | _aЭкономика -- Экономико-математические методы и модели | |
| 686 |
_aЕ023с21,0 _2rubbk |
||
| 686 |
_aУ.в612,0 _2rubbk |
||
| 686 | _aЕ085 | ||
| 686 | _aС550.01 | ||
| 700 | 1 |
_4070 _8rus _7ca _aМарков _bА. В. _cд-р биол. наук, писатель-прозаик _f1965- _gАлександр Владимирович _3RU\NLR\auth\773782 _9113774 |
|
| 701 | 1 |
_aКоротаев _bА. В. _gАндрей Витальевич _4070 |
|
| 801 | 0 |
_aRU _bРГБ _c20090410 _grcr |
|
| 801 | 1 |
_aRU _bРГБ _c20090410 |
|
| 801 | 2 |
_aRU _bNLR _c20090609 _grcr |
|
| 942 | _cBOOK | ||
| 980 | _aNB | ||